000 00338nam a2200145Ia 4500
003 OSt
005 20240108115340.0
008 170524s9999 xx 000 0 und d
020 _a9788184550849
040 _cIIMT UNIVERSITY
100 _aSingh- Minakshi
245 0 _aJansampark Prabhand
260 _bNew Delhi: Omega
942 _2ddc
_c01
999 _c9424
_d9424